[Event "Scarborough CC-ch"]
[Site "Toronto CAN"]
[Date "2023.04.06"]
[Round "2.5"]
[White "Wu, Benjamin"]
[Black "Guan, Daniel"]
[Result "0-1"]
[WhiteElo "1864"]
[BlackElo "1619"]
[PlyCount "98"]
[EventDate "2023.03.30"]
[EventType "swiss"]
[EventRounds "8"]
[EventCountry "CAN"]

1. d4 Nf6 2. c4 g6 3. Nf3 Bg7 4. Nc3 O-O 5. g3 d6 6. Bg2 Nbd7 7. O-O c6 8. e4
Qc7 9. Qc2 e5 10. d5 Nb6 11. b3 cxd5 12. exd5 Nbxd5 13. cxd5 Nxd5 14. Bb2 e4
15. Ng5 Bxc3 16. Nxe4 Bxb2 17. Qxb2 Bf5 18. Rac1 Qe7 19. Nxd6 Qxd6 20. Qd4 Rfd8
21. Rcd1 Be6 22. Rd2 Rd7 23. Rfd1 Rad8 24. Qxa7 Qa6 25. Qc5 Nf6 26. Rxd7 Rxd7
27. Rxd7 Bxd7 28. Qc2 Kg7 29. h3 Qb6 30. Qb2 Bc6 31. Bxc6 Qxc6 32. a4 h5 33.
Kh2 Qf3 34. b4 Kh7 35. Qa2 Ne4 36. Kg1 Ng5 37. h4 Ne6 38. Qa1 Kg8 39. a5 Qb3
40. Qe1 Qc4 41. Kg2 Qb5 42. Qd2 Qc6+ 43. Kg1 Kg7 44. Kh2 Nc7 45. Qd4+ Kh7 46.
Qf4 Kg8 47. Kg1 Na6 48. Qg5 Nc7 49. Qd2 Kh7 0-1

[Event "Scarborough CC-ch"]
[Site "Toronto CAN"]
[Date "2023.04.06"]
[Round "2.6"]
[White "Chan, Brendan"]
[Black "Guo, Joshua"]
[Result "0-1"]
[WhiteElo "1605"]
[BlackElo "2245"]
[PlyCount "54"]
[EventDate "2023.03.30"]
[EventType "swiss"]
[EventRounds "8"]
[EventCountry "CAN"]

1. d4 Nf6 2. Bf4 d5 3. e3 c5 4. dxc5 e6 5. b4 a5 6. c3 Be7 7. Na3 O-O 8. Nb5
Na6 9. a3 Bd7 10. Nd6 b6 11. Bxa6 Rxa6 12. b5 Ra7 13. c6 Bxc6 14. Nxf7 Rxf7 15.
bxc6 Bd6 16. Nf3 Ne4 17. Nd4 Rae7 18. f3 e5 19. Bxe5 Rxe5 20. fxe4 Rxe4 21. Kd2
Rf2+ 22. Kd3 Qg5 23. Nc2 Rxe3+ 24. Nxe3 Qg6+ 25. Nf5 Qxf5+ 26. Ke3 Qf4+ 27. Kd3
Qe4# 0-1

[Event "Scarborough CC-ch"]
[Site "Toronto CAN"]
[Date "2023.04.13"]
[Round "3.1"]
[White "Southam, David"]
[Black "Gao, Heye"]
[Result "1-0"]
[WhiteElo "2027"]
[BlackElo "1785"]
[PlyCount "152"]
[EventDate "2023.03.30"]
[EventType "swiss"]
[EventRounds "8"]
[EventCountry "CAN"]

1. d4 d5 2. c4 c6 3. Nf3 Nf6 4. e3 e6 5. b3 Nbd7 6. Bb2 Be7 7. Bd3 O-O 8. O-O
c5 9. Nbd2 b6 10. Qe2 Bb7 11. e4 dxe4 12. Nxe4 cxd4 13. Nxd4 Ne5 14. Bc2 Ng6
15. Rad1 Qb8 16. f3 Rd8 17. Kh1 a6 18. a4 Qc7 19. Bb1 Rac8 20. Rfe1 Nf4 21. Qe3
Nxe4 22. Bxe4 Bxe4 23. Qxe4 Bf6 24. Qc2 Qc5 25. Qe4 Qg5 26. g3 Ng6 27. f4 Qg4
28. Qe2 Qxe2 29. Rxe2 e5 30. fxe5 Nxe5 31. Rdd2 Bg5 32. Rc2 Nd3 33. Bc3 Re8 34.
Nf5 Rcd8 35. Nxg7 Rxe2 36. Rxe2 Nc5 37. Nh5 Nxb3 38. Nf6+ Bxf6 39. Bxf6 Rc8 40.
Rb2 Na5 41. Rxb6 Nxc4 42. Rxa6 h5 43. Bd4 Rd8 44. Bc3 Rd3 45. Bf6 Ne3 46. Kg1
Rd1+ 47. Kf2 Ng4+ 48. Ke2 Rh1 49. h4 Rg1 50. a5 Nxf6 51. Rxf6 Rxg3 52. Rf5 Ra3
53. Rxh5 Kg7 54. Rb5 Ra4 55. h5 Kh6 56. Kd3 f6 57. Kc3 Rh4 58. Kb3 Rh3+ 59. Kc4
Rh4+ 60. Kb3 Rh3+ 61. Ka4 Rh1 62. Rf5 Ra1+ 63. Kb5 Rb1+ 64. Kc6 Ra1 65. Kb6
Rb1+ 66. Rb5 Re1 67. a6 Re6+ 68. Ka5 Re7 69. Rc5 Rd7 70. Kb6 Rd6+ 71. Rc6 Rd1
72. Rxf6+ Kxh5 73. a7 Rb1+ 74. Kc7 Rc1+ 75. Kb7 Rb1+ 76. Rb6 Ra1 1-0

[Event "Scarborough CC-ch"]
[Site "Toronto CAN"]
[Date "2023.04.13"]
[Round "3.2"]
[White "Guan, Daniel"]
[Black "Guo, Joshua"]
[Result "1/2-1/2"]
[WhiteElo "1619"]
[BlackElo "2245"]
[PlyCount "79"]
[EventDate "2023.03.30"]
[EventType "swiss"]
[EventRounds "8"]
[EventCountry "CAN"]

1. d4 Nf6 2. c4 g6 3. Nc3 Bg7 4. e4 d6 5. Nf3 O-O 6. Be2 e5 7. d5 a5 8. O-O Na6
9. Be3 Bd7 10. Nd2 Ne8 11. a3 f5 12. f3 Bf6 13. b3 Bg5 14. Bf2 Bh4 15. Qb1
Bxf2+ 16. Rxf2 Qg5 17. Nf1 Nf6 18. Qc1 Qxc1 19. Rxc1 fxe4 20. fxe4 Ng4 21.
Rxf8+ Rxf8 22. Bxg4 Bxg4 23. h3 Bd7 24. Nd2 Nc5 25. Rf1 Rf4 26. Ne2 Rxf1+ 27.
Kxf1 b5 28. Kf2 bxc4 29. bxc4 Kf7 30. Ke3 Ba4 31. Nc3 Bc2 32. Nb5 Na6 33. g3
Ke7 34. Nf3 h6 35. Nh4 Kf6 36. Nf3 Bd1 37. Nd2 Ke7 38. Nf3 Ba4 39. Nc3 Bb3 40.
Nd2 1/2-1/2

[Event "Scarborough CC-ch"]
[Site "Toronto CAN"]
[Date "2023.04.13"]
[Round "3.3"]
[White "Huang, Richard"]
[Black "Wu, Nolan"]
[Result "1-0"]
[WhiteElo "2076"]
[BlackElo "1827"]
[PlyCount "129"]
[EventDate "2023.03.30"]
[EventType "swiss"]
[EventRounds "8"]
[EventCountry "CAN"]

1. Nf3 Nf6 2. d4 g6 3. c4 Bg7 4. Nc3 O-O 5. e4 d6 6. Be2 e5 7. d5 a5 8. O-O Na6
9. h3 Nd7 10. a3 Nac5 11. Bg5 f6 12. Bh4 a4 13. Nd2 Rf7 14. Re1 Qe8 15. Bf1 Nf8
16. b4 axb3 17. Nxb3 Nxb3 18. Qxb3 f5 19. c5 f4 20. Nb5 h6 21. f3 g5 22. Bf2
Qd8 23. Rac1 Ng6 24. cxd6 cxd6 25. Qb4 Bf8 26. Rc3 h5 27. Rec1 g4 28. Rc7 Rg7
29. Rxg7+ Kxg7 30. Nc7 Rb8 31. fxg4 hxg4 32. Ba7 gxh3 33. Qd2 Nh4 34. Kh2 hxg2
35. Bxg2 Kh7 36. Bxb8 f3 37. Bxf3 Bh6 38. Qe2 Nxf3+ 39. Qxf3 Qh4+ 40. Kg2 Qg5+
41. Kh2 Qxc1 42. Qf7+ Bg7 43. Qh5+ Qh6 44. Qxh6+ Kxh6 45. Ne8 Bf8 46. Bxd6 Bg7
47. Nxg7 Kxg7 48. Bxe5+ Kg6 49. Kg3 Bd7 50. Kf4 Kf7 51. Bd4 Be8 52. Bc5 Bd7 53.
Ke5 Bg4 54. Kd6 Bf3 55. e5 Bg2 56. e6+ Ke8 57. a4 Bf3 58. a5 Bg2 59. Be3 Bf3
60. Bg5 Bg2 61. Kc5 Bh3 62. Kb6 Bg4 63. Kxb7 Bf3 64. Kc6 Be2 65. a6 1-0

[Event "Scarborough CC-ch"]
[Site "Toronto CAN"]
[Date "2023.04.13"]
[Round "3.4"]
[White "Jeyakumar, Bhavatharshan"]
[Black "Wu, Benjamin"]
[Result "1-0"]
[WhiteElo "1822"]
[BlackElo "1864"]
[PlyCount "67"]
[EventDate "2023.03.30"]
[EventType "swiss"]
[EventRounds "8"]
[EventCountry "CAN"]

1. e4 c6 2. d4 d5 3. e5 Bf5 4. Ne2 e6 5. Ng3 Bg6 6. h4 h6 7. h5 Bh7 8. Bd3 Bxd3
9. cxd3 Nd7 10. O-O Qb6 11. Qg4 O-O-O 12. a3 Ne7 13. b4 g6 14. Be3 gxh5 15.
Qxh5 Ng6 16. Nc3 Be7 17. Rfb1 Ndxe5 18. Qe2 Nd7 19. b5 Kb8 20. a4 a5 21. bxa6
Qxa6 22. a5 Bf6 23. Nh5 Bg5 24. Na4 e5 25. dxe5 Bxe3 26. Qxe3 Ngxe5 27. d4 Ng6
28. Qg3+ Ka7 29. Qc7 Rhf8 30. Nf6 Nxf6 31. Nc5 Rc8 32. Rxb7+ Ka8 33. Nxa6 Rxc7
34. Rxc7 1-0

[Event "Scarborough CC-ch"]
[Site "Toronto CAN"]
[Date "2023.04.13"]
[Round "3.5"]
[White "Zhao, Jifan"]
[Black "Li, Adam"]
[Result "0-1"]
[WhiteElo "1825"]
[BlackElo "1998"]
[PlyCount "54"]
[EventDate "2023.03.30"]
[EventType "swiss"]
[EventRounds "8"]
[EventCountry "CAN"]

1. e4 e5 2. Nf3 Nc6 3. Bb5 a6 4. Ba4 Nf6 5. d3 b5 6. Bb3 Be7 7. O-O O-O 8. a4
b4 9. Nbd2 d5 10. exd5 Nxd5 11. Nc4 f6 12. Nfd2 Kh8 13. Ne3 Nf4 14. g3 Nh3+ 15.
Kg2 Nd4 16. Ng4 Ng5 17. h4 Ngf3 18. Nh2 Nxd2 19. Bxd2 Nxb3 20. cxb3 Qxd3 21.
Be3 Bb7+ 22. Nf3 Qxd1 23. Rfxd1 g5 24. Rd7 Bd6 25. g4 f5 26. Rh1 fxg4 27. Kg3
Rxf3+ 0-1

[Event "Scarborough CC-ch"]
[Site "Toronto CAN"]
[Date "2023.04.13"]
[Round "3.6"]
[White "Wang, Nathan"]
[Black "Kwan, Toy Chack"]
[Result "1-0"]
[WhiteElo "1841"]
[BlackElo "1560"]
[PlyCount "69"]
[EventDate "2023.03.30"]
[EventType "swiss"]
[EventRounds "8"]
[EventCountry "CAN"]

1. e4 e6 2. d4 d5 3. e5 Bd7 4. c3 c5 5. Nf3 Qb6 6. Be2 Bb5 7. O-O Nc6 8. Bxb5
Qxb5 9. Na3 Qa6 10. Nc2 Nge7 11. Nfe1 Nf5 12. f4 h5 13. Nf3 Be7 14. Kh1 Rc8 15.
Ne3 Nxe3 16. Bxe3 cxd4 17. Nxd4 g6 18. Qd2 O-O 19. Nxc6 bxc6 20. g4 hxg4 21.
Rg1 c5 22. Rxg4 Qc6 23. Qg2 Kg7 24. Rg1 Qe8 25. Qc2 d4 26. Bf2 Rh8 27. f5 Qc6+
28. R1g2 exf5 29. Qxf5 Rh6 30. cxd4 Rch8 31. Kg1 cxd4 32. Bxd4 Qc1+ 33. Qf1
Qxf1+ 34. Kxf1 Rxh2 35. e6+ 1-0

[Event "Scarborough CC-ch"]
[Site "Toronto CAN"]
[Date "2023.04.13"]
[Round "3.7"]
[White "Ugodnikov, Arkadiy"]
[Black "Valles, Alyver"]
[Result "1-0"]
[WhiteElo "1655"]
[BlackElo "1516"]
[PlyCount "80"]
[EventDate "2023.03.30"]
[EventType "swiss"]
[EventRounds "8"]
[EventCountry "CAN"]

1. e4 c5 2. Nf3 d6 3. Bb5+ Nc6 4. Bxc6+ bxc6 5. d3 e5 6. h3 Be7 7. Nc3 Nf6 8.
O-O O-O 9. Nh2 Be6 10. Kh1 c4 11. f4 exf4 12. Bxf4 cxd3 13. cxd3 Ne8 14. Ng4 h5
15. Ne3 g6 16. Qf3 Ng7 17. Rac1 Rc8 18. b3 Qa5 19. d4 g5 20. Bg3 f5 21. exf5
Bxf5 22. Qd1 h4 23. Bh2 Bd7 24. Qd3 Nf5 25. Nxf5 Bxf5 26. Qe2 Rce8 27. Qc4+ d5
28. Qxc6 Rc8 29. Qxd5+ Qxd5 30. Nxd5 Ba3 31. Rxc8 Rxc8 32. Rxf5 Rc1+ 33. Bg1
Bb2 34. Rxg5+ Kf7 35. Rg4 Ke6 36. Nb4 Bc3 37. Nd3 Rd1 38. Nf4+ Kf5 39. Ne2 Bxd4
40. Rf4+ Kg5 1-0

[Event "Scarborough CC-ch"]
[Site "Toronto CAN"]
[Date "2023.04.20"]
[Round "4.1"]
[White "Gao, Lucy"]
[Black "Southam, David"]
[Result "0-1"]
[WhiteElo "1792"]
[BlackElo "2027"]
[PlyCount "70"]
[EventDate "2023.03.30"]
[EventType "swiss"]
[EventRounds "8"]
[EventCountry "CAN"]

1. e4 e6 2. d4 d5 3. Nc3 Bb4 4. Nge2 Nf6 5. Bg5 dxe4 6. a3 Be7 7. Bxf6 Bxf6 8.
Nxe4 Nc6 9. c3 b6 10. g3 Be7 11. Bg2 Bb7 12. b4 Qd7 13. f4 h5 14. h4 O-O-O 15.
a4 Kb8 16. O-O a6 17. Qb3 f5 18. Nd2 Bf6 19. Nc4 Ne7 20. Bxb7 Kxb7 21. Nc1
Bxd4+ 22. cxd4 Qxd4+ 23. Kg2 Qxa1 24. Nd3 Qd4 25. Nde5 Rhf8 26. Rf2 Qe4+ 27.
Kh3 Nc6 28. Nd2 Qd5 29. Qe3 Nxe5 30. fxe5 g6 31. Nf3 Qe4 32. Qg5 Rd3 33. Kg2
Rfd8 34. Qxg6 Rxf3 35. Rxf3 Rd2+ 0-1

[Event "Scarborough CC-ch"]
[Site "Toronto CAN"]
[Date "2023.04.20"]
[Round "4.2"]
[White "Li, Adam"]
[Black "Guan, Daniel"]
[Result "1-0"]
[WhiteElo "1998"]
[BlackElo "1619"]
[PlyCount "55"]
[EventDate "2023.03.30"]
[EventType "swiss"]
[EventRounds "8"]
[EventCountry "CAN"]

1. e4 c5 2. Nf3 Nc6 3. c3 d5 4. exd5 Qxd5 5. d4 Bg4 6. Be2 e6 7. O-O Nf6 8. Be3
cxd4 9. Nxd4 Bxe2 10. Qxe2 Nxd4 11. Bxd4 Be7 12. Rd1 Qc6 13. Nd2 O-O 14. Nf1
Rfd8 15. Ng3 a6 16. Rd3 Qb5 17. a4 Qg5 18. Rf3 Qd5 19. Re3 Rac8 20. Ne4 Nxe4
21. Rxe4 Qf5 22. Re3 Rd5 23. Re1 Bc5 24. Rf3 Qg6 25. Rg3 Rg5 26. Qc4 b5 27.
axb5 axb5 28. Qxb5 1-0

[Event "Scarborough CC-ch"]
[Site "Toronto CAN"]
[Date "2023.04.20"]
[Round "4.3"]
[White "Gao, Heye"]
[Black "Jeyakumar, Bhavatharshan"]
[Result "1/2-1/2"]
[WhiteElo "1785"]
[BlackElo "1822"]
[PlyCount "76"]
[EventDate "2023.03.30"]
[EventType "swiss"]
[EventRounds "8"]
[EventCountry "CAN"]

1. e4 c5 2. Nf3 e6 3. d4 cxd4 4. Nxd4 Nc6 5. c4 a6 6. Nc3 Qc7 7. Be2 Nf6 8. a3
Be7 9. Be3 O-O 10. O-O d6 11. Qd2 Ne5 12. Rac1 Bd7 13. b4 Rac8 14. h3 Qb8 15.
Qa2 Nc6 16. f4 Nxd4 17. Bxd4 e5 18. Be3 b5 19. fxe5 dxe5 20. Nd5 Bd8 21. Nxf6+
Bxf6 22. c5 Bc6 23. Bf3 Qa8 24. Qc2 a5 25. Rfd1 axb4 26. axb4 Qa3 27. Qc3 Qxc3
28. Rxc3 Rfd8 29. Rcd3 Rxd3 30. Rxd3 Rd8 31. Rd6 Rxd6 32. cxd6 Bd7 33. Kf2 Kf8
34. Bc5 Ke8 35. Bd1 Be6 36. Be2 Bd7 37. Bd1 Be6 38. Be2 Bd7 1/2-1/2

[Event "Scarborough CC-ch"]
[Site "Toronto CAN"]
[Date "2023.04.20"]
[Round "4.4"]
[White "Yang, Larry"]
[Black "Ugodnikov, Arkadiy"]
[Result "1-0"]
[WhiteElo "1926"]
[BlackElo "1655"]
[PlyCount "43"]
[EventDate "2023.03.30"]
[EventType "swiss"]
[EventRounds "8"]
[EventCountry "CAN"]

1. e4 e5 2. Nf3 Nc6 3. Bc4 Bc5 4. c3 Nf6 5. d4 exd4 6. e5 d5 7. Be2 Ne4 8. cxd4
Bb4+ 9. Nbd2 O-O 10. O-O Nxd2 11. Bxd2 Bxd2 12. Qxd2 Bf5 13. b4 Re8 14. b5 Ne7
15. Nh4 Bg6 16. f4 Qd7 17. g4 Be4 18. f5 h5 19. Qg5 Nxf5 20. gxf5 f6 21. exf6
Qf7 22. Bxh5 1-0

[Event "Scarborough CC-ch"]
[Site "Toronto CAN"]
[Date "2023.04.20"]
[Round "4.5"]
[White "Ajith, Aarush"]
[Black "Wang, Nathan"]
[Result "0-1"]
[WhiteElo "1667"]
[BlackElo "1841"]
[PlyCount "52"]
[EventDate "2023.03.30"]
[EventType "swiss"]
[EventRounds "8"]
[EventCountry "CAN"]

1. d4 Nf6 2. Nf3 g6 3. e3 d5 4. Bd3 Bg7 5. Nbd2 O-O 6. O-O Nbd7 7. b3 c5 8. Bb2
Rb8 9. c4 e6 10. Qe2 b6 11. e4 dxe4 12. Nxe4 Nxe4 13. Bxe4 Bb7 14. Bxb7 Rxb7
15. dxc5 Nxc5 16. Rad1 Qe7 17. Bxg7 Kxg7 18. Ne5 Rc8 19. Rd4 f6 20. Nd3 e5 21.
Rd5 Ne6 22. f4 Nc7 23. Rd4 Nb5 24. fxe5 Nxd4 25. exf6+ Qxf6 26. Qe4 Re7 0-1

[Event "Scarborough CC-ch"]
[Site "Toronto CAN"]
[Date "2023.04.20"]
[Round "4.6"]
[White "Li, Justin"]
[Black "Sharpe, Sam"]
[Result "0-1"]
[WhiteElo "1666"]
[BlackElo "1876"]
[PlyCount "102"]
[EventDate "2023.03.30"]
[EventType "swiss"]
[EventRounds "8"]
[EventCountry "CAN"]

1. d4 d5 2. Bf4 e6 3. e3 Nf6 4. Nd2 Bd6 5. Bg3 O-O 6. Ngf3 b6 7. Ne5 c5 8. f4
Ne4 9. Nxe4 dxe4 10. c3 Bb7 11. Be2 Nc6 12. O-O cxd4 13. exd4 f5 14. Bc4 Qe7
15. Qd2 Rac8 16. Be2 Rfd8 17. Qe1 Qe8 18. Bh4 Be7 19. Kh1 Bxh4 20. Qxh4 Qe7 21.
Qh3 Nxe5 22. fxe5 g5 23. Kg1 Kg7 24. Rae1 h6 25. Bd1 Ba6 26. Be2 Bxe2 27. Rxe2
g4 28. Qh5 Qg5 29. Qxg5+ hxg5 30. Kf2 Rh8 31. Kg3 Kg6 32. Rh1 Rc7 33. Rd1 f4+
34. Kf2 Rxh2 35. Rxe4 Kf5 36. Ree1 g3+ 37. Kf1 Rh1+ 38. Ke2 Rxe1+ 39. Rxe1 Rh7
40. Rg1 Ke4 41. Kd2 f3 42. gxf3+ Kxf3 43. Rf1+ Kg2 44. Ke2 Rh4 45. Rf6 Re4+ 46.
Kd3 Rf4 47. Rg6 Kf2 48. Rxg5 g2 49. d5 exd5 50. e6 g1=Q 51. Rxg1 Kxg1 0-1

[Event "Scarborough CC-ch"]
[Site "Toronto CAN"]
[Date "2023.04.20"]
[Round "4.7"]
[White "Wu, Benjamin"]
[Black "Kwan, Toy Chack"]
[Result "1-0"]
[WhiteElo "1864"]
[BlackElo "1560"]
[PlyCount "63"]
[EventDate "2023.03.30"]
[EventType "swiss"]
[EventRounds "8"]
[EventCountry "CAN"]

1. e4 e6 2. d4 d5 3. exd5 exd5 4. c4 Bb4+ 5. Bd2 Bxd2+ 6. Nxd2 Nf6 7. Ngf3 O-O
8. Be2 Nc6 9. O-O Re8 10. c5 Bg4 11. h3 Bh5 12. Bb5 Ne4 13. Bxc6 bxc6 14. g4
Bg6 15. Ne5 Re6 16. Nxe4 Bxe4 17. f3 Qh4 18. Qe1 Qxe1 19. Raxe1 Bc2 20. Rf2 Ba4
21. Rfe2 Rae8 22. Kf2 f6 23. Nd3 Rxe2+ 24. Rxe2 Rxe2+ 25. Kxe2 Bb5 26. Ke3 Kf7
27. f4 g6 28. b3 a5 29. a4 Ba6 30. b4 Bxd3 31. Kxd3 axb4 32. a5 1-0

[Event "Scarborough CC-ch"]
[Site "Toronto CAN"]
[Date "2023.04.27"]
[Round "5.1"]
[White "Southam, David"]
[Black "Li, Adam"]
[Result "1/2-1/2"]
[WhiteElo "2027"]
[BlackElo "1998"]
[PlyCount "120"]
[EventDate "2023.03.30"]
[EventType "swiss"]
[EventRounds "8"]
[EventCountry "CAN"]

1. d4 d5 2. Nf3 Nf6 3. e3 e6 4. Bd3 Bd6 5. Nbd2 Nbd7 6. e4 dxe4 7. Nxe4 Nxe4 8.
Bxe4 Nf6 9. Bd3 Bd7 10. Ne5 c5 11. Nxd7 Qxd7 12. Qe2 a6 13. dxc5 Bxc5 14. O-O
h6 15. a3 O-O 16. Bd2 Bd4 17. c3 Bb6 18. Rad1 Rfd8 19. Bc1 Qa4 20. h3 Rd5 21.
Bc2 Qh4 22. Rxd5 Nxd5 23. Qe4 Qxe4 24. Bxe4 f5 25. Bf3 Rc8 26. Rd1 Rc5 27. Be2
Rc7 28. c4 Nf6 29. b4 Ne4 30. c5 Nc3 31. Re1 Nxe2+ 32. Rxe2 Rc6 33. Bf4 Bd8 34.
Rd2 Bf6 35. Rd7 b6 36. Be3 bxc5 37. Bxc5 Bb2 38. a4 a5 39. Rd8+ Kh7 40. g3 Ba3
41. Rb8 axb4 42. Bxb4 Rc1+ 43. Kg2 Bxb4 44. Rxb4 Ra1 45. h4 Kg6 46. Rb6 Rxa4
47. Rxe6+ Kf7 48. Rb6 g6 49. h5 Rg4 50. Kf3 Rg5 51. hxg6+ Rxg6 52. Rb7+ Kf6 53.
Ke3 Rg4 54. Rb6+ Kg7 55. Kf3 Rc4 56. Ke3 Rg4 57. Rd6 Re4+ 58. Kf3 Ra4 59. Kg2
Ra2 60. Rb6 Rc2 1/2-1/2

[Event "Scarborough CC-ch"]
[Site "Toronto CAN"]
[Date "2023.04.27"]
[Round "5.2"]
[White "Wang, Nathan"]
[Black "Huang, Richard"]
[Result "0-1"]
[WhiteElo "1841"]
[BlackElo "2076"]
[PlyCount "92"]
[EventDate "2023.03.30"]
[EventType "swiss"]
[EventRounds "8"]
[EventCountry "CAN"]

1. e4 c6 2. Nf3 d5 3. Nc3 Bg4 4. h3 Bh5 5. exd5 cxd5 6. g4 Bg6 7. Ne5 Nc6 8.
Bb5 Qc7 9. d4 e6 10. Bf4 Bd6 11. Nxg6 hxg6 12. Bxd6 Qxd6 13. Qd2 Nge7 14. O-O-O
O-O-O 15. f4 Kb8 16. Bf1 Nc8 17. Na4 Qb4 18. Qxb4 Nxb4 19. c3 Nc6 20. Nc5 Nd6
21. Bg2 b6 22. Nd3 Ne4 23. Bxe4 dxe4 24. Ne5 Nxe5 25. fxe5 f5 26. gxf5 gxf5 27.
Rdg1 Rd7 28. Rg6 Re7 29. Kd2 Kc7 30. Ke3 Rh4 31. Rh2 Kd7 32. d5 exd5 33. Rd6+
Ke8 34. Rxd5 Kf7 35. Kd4 g5 36. Rf2 Rf4 37. Ke3 Rxf2 38. Kxf2 Ke6 39. c4 Rd7
40. Rb5 Rd4 41. b3 Rd2+ 42. Ke3 Rd3+ 43. Kf2 Rxh3 44. c5 bxc5 45. Rxc5 Rh2+ 46.
Ke3 Rxa2 0-1

[Event "Scarborough CC-ch"]
[Site "Toronto CAN"]
[Date "2023.04.27"]
[Round "5.3"]
[White "Jeyakumar, Bhavatharshan"]
[Black "Yang, Larry"]
[Result "0-1"]
[WhiteElo "1822"]
[BlackElo "1926"]
[PlyCount "136"]
[EventDate "2023.03.30"]
[EventType "swiss"]
[EventRounds "8"]
[EventCountry "CAN"]

1. e4 e5 2. Nf3 Nc6 3. Bb5 a6 4. Ba4 Nf6 5. O-O b5 6. Bb3 Be7 7. Re1 O-O 8. c3
d6 9. h3 Nb8 10. d4 Nbd7 11. Nbd2 Bb7 12. Bc2 Re8 13. Nf1 Bf8 14. Ng3 g6 15. a4
c5 16. d5 c4 17. Be3 Qc7 18. Qd2 Kh8 19. Ng5 Kg8 20. Qe2 Nc5 21. a5 Bg7 22. h4
h6 23. Nf3 Ng4 24. Bxc5 Qxc5 25. h5 Nf6 26. Nh4 Kh7 27. Kh2 Bc8 28. hxg6+ fxg6
29. Kh1 Ng4 30. Kg1 Rf8 31. Nf3 Ra7 32. Rf1 Raf7 33. Nh1 Nf6 34. Nh2 Nh5 35.
Qe3 Nf4 36. Ng3 Qc7 37. Ne2 Nh5 38. Ng3 Nf4 39. Ne2 Qc5 40. Nxf4 Qxe3 41. fxe3
exf4 42. exf4 Rxf4 43. Rxf4 Rxf4 44. Rf1 Rxf1+ 45. Kxf1 b4 46. cxb4 Bxb2 47.
Ba4 Bc3 48. b5 axb5 49. Bxb5 Bxa5 50. Bxc4 Kg7 51. Nf3 Bc3 52. Ke2 Kf6 53. Ke3
Be5 54. Bb5 g5 55. Be2 Bd7 56. Ne1 Be8 57. Nf3 h5 58. Kf2 h4 59. Ke3 Bd7 60.
Ng1 g4 61. Bf1 Kg5 62. Be2 Bh2 63. Kf2 g3+ 64. Kf1 Bxg1 65. Kxg1 Kf4 66. Bd3
Ke3 67. Bb1 Be8 68. Bc2 Bg6 0-1

[Event "Scarborough CC-ch"]
[Site "Toronto CAN"]
[Date "2023.04.27"]
[Round "5.4"]
[White "Gao, Heye"]
[Black "Gao, Lucy"]
[Result "0-1"]
[WhiteElo "1785"]
[BlackElo "1792"]
[PlyCount "106"]
[EventDate "2023.03.30"]
[EventType "swiss"]
[EventRounds "8"]
[EventCountry "CAN"]

1. e4 c5 2. Nf3 Nc6 3. d4 cxd4 4. Nxd4 g6 5. c4 Nf6 6. Nc3 d6 7. f3 Nxd4 8.
Qxd4 Bg7 9. Be3 O-O 10. Qd2 Be6 11. Rc1 Nd7 12. Be2 a5 13. Na4 Rc8 14. O-O Nc5
15. Nc3 Qb6 16. b3 Rfd8 17. f4 Bxc3 18. Qxc3 Qb4 19. Qd4 f6 20. f5 Bf7 21. fxg6
Bxg6 22. Bg4 Rc7 23. Bf5 Kg7 24. Bxg6 hxg6 25. Rf3 a4 26. bxa4 Qxa4 27. a3 Nd7
28. Bf4 Rdc8 29. Rh3 Rxc4 30. Bh6+ Kf7 31. Qd5+ e6 32. Rxc4 Qxc4 33. Qxd6 Qc5+
34. Qxc5 Rxc5 35. Rb3 b6 36. Be3 Re5 37. Bxb6 Rxe4 38. Kf2 Ra4 39. Be3 e5 40.
Rb7 Ke6 41. Ra7 Rxa7 42. Bxa7 Kd5 43. Be3 Nc5 44. Kf3 f5 45. g4 e4+ 46. Kg3 Nd3
47. a4 f4+ 48. Bxf4 Nxf4 49. Kxf4 Kd4 50. a5 e3 51. a6 e2 52. a7 e1=Q 53. a8=Q
Qe3# 0-1

[Event "Scarborough CC-ch"]
[Site "Toronto CAN"]
[Date "2023.04.27"]
[Round "5.5"]
[White "Sharpe, Sam"]
[Black "Zhao, Jifan"]
[Result "0-1"]
[WhiteElo "1876"]
[BlackElo "1825"]
[PlyCount "72"]
[EventDate "2023.03.30"]
[EventType "swiss"]
[EventRounds "8"]
[EventCountry "CAN"]

1. c4 e6 2. Nc3 Nf6 3. Nf3 d5 4. e3 Be7 5. b3 O-O 6. Bb2 b6 7. Be2 Bb7 8. O-O
Nbd7 9. d4 c6 10. Rc1 Rc8 11. Re1 Ne4 12. Nd2 f5 13. Ncxe4 fxe4 14. cxd5 exd5
15. f3 Bh4 16. Rf1 Qe7 17. fxe4 Bg5 18. Rc3 dxe4 19. Bg4 Rxf1+ 20. Qxf1 Re8 21.
Qf5 Bc8 22. Qf2 Nf6 23. Bxc8 Rxc8 24. Qe2 Nd5 25. Qc4 Qf7 26. Nxe4 Nxc3 27.
Qxf7+ Kxf7 28. Nxg5+ Kg6 29. Nf3 Ne4 30. Ba3 Kf5 31. h3 Nc3 32. g4+ Ke4 33. Kf2
c5 34. dxc5 Rf8 35. cxb6 Rxf3+ 36. Kg2 axb6 0-1

[Event "Scarborough CC-ch"]
[Site "Toronto CAN"]
[Date "2023.04.27"]
[Round "5.6"]
[White "Ugodnikov, Arkadiy"]
[Black "Desikan, Ajith"]
[Result "1/2-1/2"]
[WhiteElo "1655"]
[BlackElo "1660"]
[PlyCount "109"]
[EventDate "2023.03.30"]
[EventType "swiss"]
[EventRounds "8"]
[EventCountry "CAN"]

1. e4 c5 2. Nf3 d6 3. Bb5+ Bd7 4. Bxd7+ Qxd7 5. c4 e5 6. O-O Nf6 7. Nc3 Be7 8.
d3 h6 9. Bd2 Nc6 10. a3 O-O 11. h3 Nd4 12. Nxd4 cxd4 13. Ne2 b5 14. b3 bxc4 15.
bxc4 Rab8 16. Qc2 Nh5 17. f4 f5 18. exf5 exf4 19. Nxf4 Nxf4 20. Bxf4 Rxf5 21.
Bd2 Bf6 22. Rxf5 Qxf5 23. Rf1 Qg6 24. Bf4 Be5 25. Bxe5 dxe5 26. Rb1 Rxb1+ 27.
Qxb1 Qg5 28. Qe1 Qf4 29. a4 a5 30. c5 Kf7 31. g3 Qe3+ 32. Qxe3 dxe3 33. Kf1 Ke6
34. Ke2 Kd5 35. Kxe3 Kxc5 36. Ke4 Kb4 37. Kxe5 Kxa4 38. d4 Kb5 39. d5 a4 40. d6
a3 41. d7 a2 42. d8=Q a1=Q+ 43. Kf5 Qb1+ 44. Kg4 Qe4+ 45. Kh5 Qf3+ 46. Kg6
Qxg3+ 47. Kh7 Qxh3 48. Qd5+ Kb4 49. Qd4+ Kb3 50. Qxg7 h5 51. Kh6 h4 52. Qf7+
Kc2 53. Kh5 Qg3 54. Qc4+ Kd2 55. Qxh4 1/2-1/2

[Event "Scarborough CC-ch"]
[Site "Toronto CAN"]
[Date "2023.05.04"]
[Round "6.1"]
[White "Huang, Richard"]
[Black "Yang, Larry"]
[Result "1/2-1/2"]
[WhiteElo "2076"]
[BlackElo "1926"]
[PlyCount "45"]
[EventDate "2023.03.30"]
[EventType "swiss"]
[EventRounds "8"]
[EventCountry "CAN"]

1. Nf3 Nf6 2. d4 g6 3. c4 Bg7 4. Nc3 O-O 5. e4 d6 6. Be2 c5 7. O-O Bg4 8. dxc5
dxc5 9. Qxd8 Rxd8 10. Be3 Nbd7 11. h3 Bxf3 12. gxf3 b6 13. f4 Ne8 14. Rac1 Nd6
15. e5 Nf5 16. Bf3 Rac8 17. Rfd1 Bh6 18. Bg4 Nb8 19. Ne4 Nc6 20. Ng3 Nxe3 21.
fxe3 Rxd1+ 22. Rxd1 Rd8 23. Rd5 1/2-1/2

[Event "Scarborough CC-ch"]
[Site "Toronto CAN"]
[Date "2023.05.04"]
[Round "6.2"]
[White "Li, Adam"]
[Black "Zhong, Ryan Yunhui"]
[Result "0-1"]
[WhiteElo "1998"]
[BlackElo "1956"]
[PlyCount "104"]
[EventDate "2023.03.30"]
[EventType "swiss"]
[EventRounds "8"]
[EventCountry "CAN"]

1. e4 e6 2. d4 d5 3. Nd2 c5 4. c3 Nc6 5. Ngf3 cxd4 6. cxd4 dxe4 7. Nxe4 Nf6 8.
Bd3 Be7 9. O-O O-O 10. Ng3 a6 11. Be3 b5 12. Ne5 Bb7 13. Re1 Nxe5 14. dxe5 Qd5
15. Qf3 Qxf3 16. gxf3 Nd5 17. Be4 f5 18. exf6 Bxf6 19. b4 a5 20. Bc5 Rfc8 21.
Rab1 axb4 22. Bxb4 Rxa2 23. Bd6 Bc6 24. Rec1 Nc3 25. Rb3 Bxe4 26. fxe4 Bd4 27.
Rxb5 Bxf2+ 28. Kh1 Be3 29. Rxc3 Rxc3 30. Rb8+ Kf7 31. Rb7+ Ke8 32. Rb1 Rc1+ 33.
Rxc1 Bxc1 34. Nh5 Kf7 35. Be5 g6 36. Ng3 Bb2 37. Bc7 Bd4 38. Bd8 Be5 39. Nf1
Re2 40. Bb6 g5 41. Kg1 Bf4 42. Bf2 h5 43. Kg2 g4 44. Kg1 Rxe4 45. Bc5 Re2 46.
Bf2 e5 47. Bh4 e4 48. Bf2 e3 49. Bh4 Ra2 50. Be1 Ra1 51. Bg3 e2 52. Kh1 exf1=Q#
0-1